Univerzálny programový prostriedok FRAMEWORK

Gespeichert in:
Bibliographische Detailangaben
1. Verfasser: Diklič, Marián
Weitere Verfasser: Dzurjanin, Stanislav
Format: Buch
Sprache:Slowakisch
Veröffentlicht: Bratislava Dom techn.ČSVTS 1989
Ausgabe:1. vyd.
Tags: Tag hinzufügen
Keine Tags, Fügen Sie das erste Tag hinzu!

MARC

LEADER 00000nam a2200000 4500
001 c032259
005 20221215071746.5
041 0 |a slo 
044 |a SK 
245 1 0 |a Univerzálny programový prostriedok FRAMEWORK  |c Marian Diklič, Stanislav Dzurjanin 
250 |a 1. vyd. 
264 1 |a Bratislava  |b Dom techn.ČSVTS  |c 1989 
300 |a 114 s. 
100 1 |a Diklič, Marián 
700 1 |a Dzurjanin, Stanislav